|
|
|
|
| LEADER |
00000nam0a2200000 4500 |
| 001 |
303088 |
| 005 |
20231102001552.0 |
| 010 |
|
|
|a 9785996318995
|
| 035 |
|
|
|a (RuTPU)RU\TPU\book\328307
|
| 090 |
|
|
|a 303088
|
| 100 |
|
|
|a 20150831d2015 m y0rusy50 ca
|
| 101 |
0 |
|
|a rus
|
| 102 |
|
|
|a RU
|
| 105 |
|
|
|a a j 001zy
|
| 200 |
1 |
|
|a Фармацевтическая химия
|e учебник
|f Первый Московский государственный медицинский университет им. И. М. Сеченова (МГМУ); под ред. Г. В. Раменской
|
| 210 |
|
|
|a Москва
|c БИНОМ. Лаборатория знаний
|d 2015
|
| 215 |
|
|
|a 467 с.
|c ил.
|
| 320 |
|
|
|a Библиогр.: с. 459.
|
| 320 |
|
|
|a Предметный указатель: с. 460-461.
|
| 330 |
|
|
|a Учебник подготовлен сотрудниками кафедры фармацевтической и токсикологической химии фармацевтического факультета Первого Московского государственного медицинского университета им. И. М. Сеченова с учетом всех требований, предъявляемых современному учебнику Федеральным государственным образовательным стандартом высшего профессионального образования последнего поколения, и на основе многолетнего опыта и традиций отечественной школы по фармацевтической химии, заложенных академиком РАМН А. П. Арзамасцевым. Фармацевтическая химия — одна из основополагающих наук современного фармацевтического образования. В книге подробно и всесторонне рассмотрена классификация лекарственных веществ, взаимосвязь между структурой, химическими свойствами и фармакологическим действием.
|
| 606 |
1 |
|
|a Фармацевтическая химия
|2 stltpush
|3 (RuTPU)RU\TPU\subj\60553
|9 77833
|
| 610 |
1 |
|
|a лекарственные средства
|
| 610 |
1 |
|
|a качество
|
| 610 |
1 |
|
|a анализ
|
| 610 |
1 |
|
|a подлинность
|
| 610 |
1 |
|
|a галогенсодержащие соединения
|
| 610 |
1 |
|
|a карбонаты
|
| 610 |
1 |
|
|a гидрокарбонаты
|
| 610 |
1 |
|
|a химические реакции
|
| 610 |
1 |
|
|a алифатические алканы
|
| 610 |
1 |
|
|a спирты
|
| 610 |
1 |
|
|a эфиры
|
| 610 |
1 |
|
|a углеводы
|
| 610 |
1 |
|
|a кислоты
|
| 610 |
1 |
|
|a терпены
|
| 610 |
1 |
|
|a производные
|
| 610 |
1 |
|
|a фенолы
|
| 610 |
1 |
|
|a хиноны
|
| 610 |
1 |
|
|a аминокислоты
|
| 610 |
1 |
|
|a пиридин
|
| 610 |
1 |
|
|a пиримидин
|
| 610 |
1 |
|
|a тропан
|
| 610 |
1 |
|
|a хинолин
|
| 610 |
1 |
|
|a изохинолин
|
| 610 |
1 |
|
|a пурин
|
| 610 |
1 |
|
|a учебники
|
| 675 |
|
|
|a 615.4(075.8)
|v 4
|
| 702 |
|
1 |
|a Раменская
|b Г. В.
|g Галина Владиславовна
|4 340
|
| 712 |
0 |
2 |
|a Первый Московский государственный медицинский университет им. И. М. Сеченова (МГМУ)
|c (2010- )
|2 stltpush
|3 (RuTPU)RU\TPU\col\19691
|
| 801 |
|
1 |
|a RU
|b 63413507
|c 20150831
|
| 801 |
|
2 |
|a RU
|b 63413507
|c 20160721
|g RCR
|
| 900 |
|
|
|a Фармацевтическая химия
|
| 942 |
|
|
|c BK
|
| 951 |
|
|
|l 8
|
| 959 |
|
|
|a 37/20150407
|d 2
|e 400,00
|f ЧЗТЛ:2
|
| 959 |
|
|
|a 26/20160229
|d 3
|e 400,00
|f УФ:3
|